Sumbangan pendidikan agama dalam pemeliharaan lingkungan hidup /
Saved in:
| Main Author: | |
|---|---|
| Format: | Thesis |
| Language: | English |
| Published: |
Jakarta
: Inst. Agama Islam Negeri Sharif Hidayatullah,
1982
|
| Subjects: | |
| Tags: |
Add Tag
No Tags, Be the first to tag this record!
|
| LEADER | 011070000a22002650004500 | ||
|---|---|---|---|
| 001 | 63120 | ||
| 005 | 19990407034600.0 | ||
| 008 | 930201s1982 eng | ||
| 035 | |a 233392 | ||
| 035 | |a (Sirsi) 63120 | ||
| 040 | |a UIAM |b eng | ||
| 049 | |b m | ||
| 050 | |a LC903 | ||
| 100 | 0 | |a Abuddin | |
| 245 | 1 | 0 | |a Sumbangan pendidikan agama dalam pemeliharaan lingkungan hidup / |c oleh Abuddin |
| 260 | 1 | |a Jakarta |b : Inst. Agama Islam Negeri Sharif Hidayatullah, |c 1982 | |
| 300 | |a 105p. | ||
| 502 | |a Skripsi Sarjana Pendidikan, Inst. Agama Islam Negeri Syarif Hidayatullah, 1982 | ||
| 596 | |a 1 | ||
| 650 | 0 | |a Education, Islamic | |
| 900 | |a non-zmy | ||
| 999 | |c 430085 |d 461576 | ||
| 952 | |0 0 |6 LU T LC903 A165S |7 0 |8 THESES |9 749179 |a IIUM |b IIUM |c CLOSEACCES |g 0.00 |o lu t LC903 A165S |p 00000104116 |r 2017-10-25 |t 1 |v 0.00 |y THESIS | ||
| 952 | |0 0 |6 LU T LC903 A165S |7 0 |8 THESES |9 749180 |a IIUM |b IIUM |c CLOSEACCES |g 0.00 |o lu t LC903 A165S |p 00000104114 |r 2017-10-25 |t 2 |v 0.00 |y THESIS | ||
| 952 | |0 0 |6 T LC 000903 A165S |7 0 |8 THESES |9 749181 |a IIUM |b IIUM |c MULTIMEDIA |g 0.00 |o t LC903 A165S |p 00000325152 |r 2017-10-19 |t 1 |v 0.00 |y THESIS | ||
